The law of construction contracts. (Record no. 92319)
[ view plain ]
| 000 -LEADER | |
|---|---|
| fixed length control field | 01033cam a2200253 4500 |
| 008 - FIXED-LENGTH DATA ELEMENTS--GENERAL INFORMATION | |
| fixed length control field | 090401t1993 xxu||||| |||| 00| 0 eng d |
| 020 ## - INTERNATIONAL STANDARD BOOK NUMBER | |
| International Standard Book Number | 0471940844 |
| 035 ## - SYSTEM CONTROL NUMBER | |
| System control number | (Sirsi) u48315 |
| 041 ## - LANGUAGE CODE | |
| Language code of text/sound track or separate title | eng |
| 050 ## - LIBRARY OF CONGRESS CALL NUMBER | |
| Classification number | 692.8 |
| 100 ## - MAIN ENTRY--PERSONAL NAME | |
| Personal name | Van Deventer, Rob |
| 245 #4 - TITLE STATEMENT | |
| Title | The law of construction contracts. |
| 260 ## - PUBLICATION, DISTRIBUTION, ETC. | |
| Place of publication, distribution, etc. | London |
| Name of publisher, distributor, etc. | Chancery Law Publishing |
| Date of publication, distribution, etc. | 1993 |
| 300 ## - PHYSICAL DESCRIPTION | |
| Extent | xviii,381p. ; 24cm. |
| 350 ## - PRICE (NR) (BK AM CF MU VM SE) [OBSOLETE] | |
| Price | 75 |
| 490 ## - SERIES STATEMENT | |
| Series statement | Construction Law Library |
| 520 ## - SUMMARY, ETC. | |
| Summary, etc. | Suggests that the way law courts attempt to apply traditional concepts and principles of the general law of contract to construction contracts is inappropriate and hinders the satisfactory resolution of disputes. Takes an international approach which makes use of examples from English and South African case law with selected cases from other juridictions. |
| 650 ## - SUBJECT ADDED ENTRY--TOPICAL TERM | |
| Topical term or geographic name entry element | BUILT ENVIRONMENT-BUILDING CONTRACT FORMS |
| 650 ## - SUBJECT ADDED ENTRY--TOPICAL TERM | |
| Topical term or geographic name entry element | LAW CASES |
| 650 ## - SUBJECT ADDED ENTRY--TOPICAL TERM | |
| Topical term or geographic name entry element | SOUTH AFRICA |
| 690 ## - LOCAL SUBJECT ADDED ENTRY--TOPICAL TERM (OCLC, RLIN) | |
| Topical term or geographic name as entry element | BUILT ENVIRONMENT-BUILDING CONTRACT FORMS |
| 942 ## - ADDED ENTRY ELEMENTS (KOHA) | |
| Suppress in OPAC | 0 |
| 948 ## - LOCAL PROCESSING INFORMATION (OCLC); SERIES PART DESIGNATOR (RLIN) | |
| c (OCLC) | 04/03/1997 |
| Withdrawn status | Lost status | Source of classification or shelving scheme | Damaged status | Not for loan | Home library | Current library | Shelving location | Date acquired | Cost, normal purchase price | Total Checkouts | Full call number | Barcode | Date last seen | Date last checked out | Copy number | Cost, replacement price | Price effective from | Koha item type |
|---|---|---|---|---|---|---|---|---|---|---|---|---|---|---|---|---|---|---|
| Dewey Decimal Classification | London | London | Books | 04/03/1994 | 63.75 | 18 | 692.8 | 30040999 | 06/08/2019 | 02/11/2008 | 1 | 63.75 | 06/08/2019 | Book |